Nebezpečné komunikačné praktiky mládeže

Riziká v oblasti využívania informačno-komunikačných technológii. Šikanovanie a kybernetické šikanovanie (cyber bullying, online bullying), ktoré sa prejavuje medzi mládežou vo všetkých typoch škôl, na sociálnych sieťach a podobne.

Uložené v:
Podrobná bibliografia
Hlavný autor: Hrašková, Dagmar
Médium: Kapitola
Jazyk:Slovak
Predmet:
Tagy: Pridať tag
Žiadne tagy, Buďte prvý, kto otaguje tento záznam!

MARC

LEADER 00000naa a2200000 4500
001 0212500
005 20231127103706.2
041 0 |a slo 
044 |a SK 
245 1 0 |a Nebezpečné komunikačné praktiky mládeže  |c Dagmar Hrašková 
520 |a Riziká v oblasti využívania informačno-komunikačných technológii. Šikanovanie a kybernetické šikanovanie (cyber bullying, online bullying), ktoré sa prejavuje medzi mládežou vo všetkých typoch škôl, na sociálnych sieťach a podobne. 
610 2 0 |a mládež 
610 2 0 |a mladiství 
610 2 0 |a šikanovanie 
610 2 0 |a mobbing 
610 2 0 |a diskriminácia 
610 2 0 |a osobnosť 
610 2 0 |a správanie 
610 2 0 |a technológie informačné 
610 2 0 |a technológie komunikačné 
100 1 |a Hrašková, Dagmar